AEW Revolution 2025 Card - Statistics

General Stats
  • This quiz has been taken 58 times
  • The average score is 22 of 39
Answer Stats
Answer % Correct
Jon Moxley
95%
Adam Page
93%
Kenny Omega
90%
Toni Storm
90%
Kazuchika Okada
88%
Mariah May
88%
MJF
88%
Mercedes Moné
86%
Swerve Strickland
86%
Will Ospreay
86%
Konosuke Takeshita
83%
Kyle Fletcher
83%
Bobby Lashley
81%
Christian Cage
81%
Shelton Benjamin
81%
Cope
79%
Orange Cassidy
69%
Ricochet
64%
Brody King
55%
Mark Briscoe
48%
Adam Cole
45%
Kyle O'Reilly
45%
Daniel Garcia
43%
Roderick Strong
43%
Truth Magnum
40%
Turbo Floyd
40%
Big Boom AJ
38%
Blake Christian
38%
Momo Watanabe
36%
Johnny TV
29%
Mansoor
29%
Hologram
26%
Mason Madden
26%
Lee Johnson
24%
Lee Moriarty
24%
Shane Taylor
24%
Carlie Bravo
21%
Komander
21%
Shawn Dean
21%
No matching quizzes found
Score Distribution
Percent of People with Each Score
Percentile by Number Answered
Your Score History
You have not taken this quiz